| 000 | 01677cam a22004214a 4500 | ||
|---|---|---|---|
| 001 | 6051551 | ||
| 003 | ARRUPE | ||
| 005 | 20150224020008.0 | ||
| 008 | 060523s2006 enka b 001 0 eng | ||
| 010 | _a 2006017200 | ||
| 015 |
_aGBA658742 _2bnb |
||
| 016 | 7 |
_a013504349 _2Uk |
|
| 020 | _a0199207070 (pbk) | ||
| 020 | _a9780199207077 (pbk) | ||
| 020 | _a0199207089 (hbk) | ||
| 020 | _a9780199207084 (hbk) | ||
| 029 | 1 |
_aYDXCP _b2459774 |
|
| 029 | 1 |
_aYDXCP _b2459773 |
|
| 035 | _a(OCoLC)ocm69734448 | ||
| 035 | _a(NNC)6051551 | ||
| 040 |
_aDLC _cDLC _dBAKER _dBWKUK _dUKM _dBTCTA _dYDX _dYDXCP _dIXA |
||
| 042 | _apcc | ||
| 050 | 0 | 0 |
_aBF38 _b.C375 2006 |
| 082 | 0 | 0 |
_a128/.2 _222 |
| 100 | 1 |
_aCarruthers, Peter, _d1952- _914641 |
|
| 245 | 1 | 4 |
_aThe architecture of the mind : _bmassive modularity and the flexibility of thought / _cPeter Carruthers. |
| 260 |
_aOxford : _bClarendon Press ; _aOxford ; _aNew York : _bOxford University Press, _c2006. |
||
| 300 |
_axviii, 462 p. : _bill. ; _c24 cm. |
||
| 504 | _aIncludes bibliographical references (p. [418]-448) and indexes. | ||
| 505 | 0 | _aThe case for massively modular models of mind -- The architecture of animal minds -- Modules of the human mind -- Modularity and flexibility : the first steps -- Creative cognition in a modular mind -- The cognitive basis of science -- Distinctively human practical reason. | |
| 650 | 0 |
_aPsychology _xPhilosophy. _92047 |
|
| 650 | 0 |
_aModularity (Psychology) _914642 |
|
| 650 | 0 |
_aBrain. _914643 |
|
| 856 | 4 | 1 |
_3Table of contents only _uhttp://www.loc.gov/catdir/toc/ecip0614/2006017200.html |
| 942 |
_2lcc _cMONOGRAPH _02 |
||
| 948 | 1 |
_a20070122 _bc _cdc21 _dMPS |
|
| 999 |
_c121896 _d121896 |
||